000 00414nam a2200145Ia 4500
001 64484
008 210324n ii |||gr||||Z||||||465
020 _a9789383723294
082 _a306.0954
100 _aPanikkar, K.M.,
_eAuthor.
245 0 _aHindu society at cross roads
_cK.M. Panikkar
_hTextual Documents
260 _aDelhi:
_bLG Publishers Distributors,
_c2018.
300 _a139 p.:
_c18 cm.
942 _2ddc
_cBK
999 _c65584
_d65584